000
00311nam a2200133Ia 4500
008
230917s9999||||xx |||||||||||||| ||und||
040
_e
185149
_a
MAIN
041
_a
English
082
_a
382.1 C344I
100
_a
Chacholiades, Miltiades
245
0
_a
International economics
300
_a
594 p.
942
_c
BK
999
_c
66997
_d
66997